000
00275nam a22001217a 4500
008
180215b xxu||||| |||| 00| 0 eng d
041
_a
eng
080
_2
3 ED
_a
54
100
_a
12
101
_a
KIM
245
_a
THE ENCYCLOPEDIA CHEMISTRY
_c
HAWLEY.G.G
942
_2
udc
_c
BK
999
_c
42657
_d
42657